Представление документа в формате MARC21

Поле Инд. ПП Название Значение
Тип записи a
Библиографический уровень m
001 Контрольный номер 195632da1b5f48ad90e28442d85df2c7
005 Дата корректировки 20260311143242.6
020 a ISBN 978-5-17-155781-2
c Цена, тираж 273-87
084 a Индекс другой классификации/Индекс ББК 81.432.1
090 a Полочн. индекс 81.432.1
c Каталожный индекс 81.432.1
x Авторский знак Д 62
091 i Возрастная адресация (DOS) 18+
097 b Оператор Кондратьева; Максимова
100 1_ a Автор Дойл А. К.
q Полное имя Дойл Артур Конан
245 10 a Заглавие Приключения Шерлока Холмса
b Продолж. заглавия читаем в оригинале с комментарием : [18+]
c Ответственность лексико-грамматический комментарий Е. В. Глушенковой
246 01 a Другая форма заглавия The Adventures of Sherlock Holmes
260 a Место издания Москва
b Издательство АСТ
c Дата издания 2023
300 a Объем 320 с.
440 _0 a Серия Комментированное чтение на английском языке
583 x Служебное примечание N2
653 0_ a Ключевые слова "Приключения Шерлока Холмса" на английском языке
900 a Имя макрообъекта о15673471
901 t Тип документа m